| 000 | 00421nam a2200109Ia 4500 | ||
|---|---|---|---|
| 008 | 160909s9999 xx 000 0 und d | ||
| 100 | _aHolland, Austin | ||
| 245 | _aGetting the Right Message: Lay and Expert Perceptions of Ecological Restoration | ||
| 260 |
_bSouthern Illinois University at Edwardsville. _c2016 |
||
| 650 | _aHUMAN RESOURCE MANAGEMENT | ||
| 856 | _uhttp://pqdtopen.proquest.com/doc/1800752265.html?FMT=ABS | ||
| 999 |
_c304721 _d304721 |
||